000 00953cad a22002055a 4500
001 L154405
008 111125s2011 xxk f 000 0 eng d
035 _a(Sirsi) u154405
041 0 _aeng
110 2 _aUnited Kingdom
_kLaws, etc.
_95044
245 0 0 _aLocalism Act 2011
_h[electronic resource]
260 _aLondon
_bHMSO
_c2011
520 _aLocalism Act introduces many changes in housing and planning legislation although much of this will not come into effect until 2012. Greater powers will be devolved to councils and neighbourhoods and local authorities will have more control over housing and planning decisions.
590 _aKA NTK
650 2 4 _aLOCALISM ACT 2011
651 4 _aEngland and Wales
_y1543-
690 _aENVIRONMENTAL AND LAND CONSULTANCY-PLANNING AND DEVELOPMENT
856 4 0 _uhttps://www.legislation.gov.uk/ukpga/2011/20/pdfs/ukpga_20110020_en.pdf
_zView the item free of charge at www.legislation.gov.uk
942 _n0
999 _c112975
_d112975